LEADER 01178nam a2200253 i 4500 001 000000252553 003 CaOOAMICUS 005 20170117000000.0 008 170117s1982 xx u000 u und u 013 $a231458 040 $aSeMil$bita 100 1 $aCammarano, Salvatore <1801-1852>.$0(OLS)http://semarc/name/63372 245 13$aIl trovatore :$bdramma in quattro parti /$clibretto di Salvatore Cammarano ; musica di Giuseppe Verdi. 260 $aMilano :$bRicordi,$cstampa 1982. 300 $a62 p. ;$c15 cm. 500 $aIn mezzo al front : Prima rappresentazione : Roma, Teatro Apollo, 19 gennaio 1853. 650 4$aOpera in musica.$0(OLS)http://semarc/subject/8916 650 4$aVerdi, Giuseppe <1813-1901> - Opere.$0(OLS)http://semarc/subject/8917 650 4$aMelodramma - Soggetti.$0(OLS)http://semarc/subject/8918 700 1 $aVerdi, Giuseppe <1813-1901>.$0(OLS)http://semarc/name/20656 850 $aSeMil 852 $aSeMil$W1$xVenegono$y1$m5B III 70/17$j242161$B202899$CSeMilBibl$Z2$F215615 $81 996 $6245$aIl trovatore :$bdramma in quattro parti$9(OLS)http://semarc/title/410025 996 $6260$aMilano :$bRicordi$9(OLS)http://semarc/publisher/31229 LEADER 01415nam a2200289 i 4500 001 000000050976 003 CaOOAMICUS 005 20101004000000.0 008 101004s1996 sz u000 u ger u 013 $a22147 020 $a3-7278-1077-7 020 $a3-525-53784-0 040 $aSeMil$bita 100 1 $aBachmann, Michael.$0(OLS)http://semarc/name/25227 245 14$aDie strukturalistische Artefaktund Kunstanalyse :$bExposition der Grundlagen anhand der vorderorientalischen, ägyptischen und griechischen Kunst /$cManuel Bachmann. 260 $aFreiburg (Schweiz) :$bUniversitätsverlag,$ccopyr. 1996. 300 $a80 p. :$bill. ;$c24 cm. 490 0 $aOrbis Biblicus et Orientalis ;$v148 650 4$aArte antica.$0(OLS)http://semarc/subject/2429 830 0$aOrbis Biblicus et Orientalis ;$v148.$0(OLS)http://semarc/title/283 850 $aSeMil 852 $aSeMil$W1$xVenegono$y1$m2U VI 348$j17131$B17131$CSeMilBibl$Z2$F17131 $81 961 $aAcquisto: Casa editrice 996 $6020$a3-7278-1077-7$9(OLS)http://semarc/number/24927 996 $6020$a3-525-53784-0$9(OLS)http://semarc/number/24928 996 $6245$aDie strukturalistische Artefaktund Kunstanalyse :$bExposition der Grundlagen anhand der vorderorientalischen, ägyptischen und griechischen Kunst$9(OLS)http://semarc/title/77942 996 $6260$aFreiburg (Schweiz) :$bUniversitätsverlag$9(OLS)http://semarc/publisher/29720